000
00489nam a2200181Ia 4500
008
090123s9999 xx 000 0 und d
082
_b
39759
100
_a
पाटील वसंत
245
_a
छप्पर
250
_a
1
260
_b
निर्मोही प्रकाशन
_c
2006
300
_a
190
600
_a
पाटील वसंत
630
_a
छप्पर
700
_a
पाटील वसंत
730
_a
छप्पर
942
_c
BOOK
999
_c
77831
_d
77831